WandaVision Episode Two (2021) Character Screen Time - Statistics

General Stats
  • This quiz has been taken 32 times
  • The average score is 6 of 10
Answer Stats
Screen Time Answer % Correct
13:45 Vision
100%
16:45 Wanda Maximoff
100%
3:00 Agnes
86%
1:45 Geraldine
72%
2:15 Herb
52%
3:15 Dottie
45%
1:30 Norm
45%
:15 Mrs. Hart
31%
1:00 Phil
31%
1:15 Beverly
17%
No matching quizzes found
Score Distribution
Percent of People with Each Score
Percentile by Number Answered
Your Score History
You have not taken this quiz